000 01006cam a22003018i 4500
001 14432747
003 EG-ScBUE
005 20250622082605.0
008 060629t2007 maua f b 001 0 eng d
020 _a0977858278 (hardcover : alk. paper)
020 _a9780977858279
040 _aEG-ScBUE
_beng
_erda
_cEG-ScBUE
_dEG-ScBUE
082 0 4 _a537.6
_222
_bOHA
100 1 _aOhanian, Hans C.,
_eauthor.
245 1 0 _aClassical electrodynamics /
_cHans C. Ohanian.
250 _aSecond edition.
264 1 _aHingham, Massachusetts :
_bInfinity Science Press,
_c[2007]
264 4 _cc2007
300 _axiii, 620 pages :
_billustrations ;
_c24 cm
336 _2rdacontent
_atext
_btxt
337 _aunmediated
_2rdamedia
_bn
338 _avolume
_bnc
_2rdacarrier
504 _aIncludes bibliographical references and index.
650 7 _aElectrodynamics.
_2BUEsh
655 _vReading book
856 4 1 _3Table of contents only
_uhttp://www.loc.gov/catdir/toc/ecip0616/2006021437.html
942 _2ddc
_cBB
999 _c10485
_d10485